Países más Pequeños por Área A-Z - Estadísticas

Estadísticas generales
  • Esta prueba ha sido intentada 310 veces
  • La puntuación promedio es 17 de 23
Estadísticas de respuestas
Letra Superficie (km²) País % Correcto
C 0,44 Ciudad del Vaticano
97%
M 2 Mónaco
91%
L 160 Liechtenstein
85%
O 309 500 Omán
85%
S 61 San Marino
85%
Z 390 757 Zimbabue
81%
N 21 Nauru
80%
T 26 Tuvalu
80%
V 12 189 Vanuatu
80%
Y 23 200 Yibuti
78%
A 443 Antigua y Barbuda
77%
K 811 Kiribati
75%
D 751 Dominica
74%
B 430 Barbados
71%
I 181 Islas Marshall
71%
P 459 Palaos
71%
F 18 274 Fiyi
69%
H 27 750 Haití
69%
G 344 Granada
67%
J 10 991 Jamaica
67%
U 176 215 Uruguay
64%
R 26 338 Ruanda
63%
E 175 E. F. de Micronesia
49%
No se encontraron pruebas coincidentes
Distribución de puntuación
Porcentaje de gente con cada puntuación
Porcentaje por número respondido
Historial de tus puntuaciones
No has intentado esta prueba.